Tom Holland Projects-Sudden Death - Statistics

General Stats
  • This quiz has been taken 34 times
  • The average score is 10 of 20
Answers on the Grid
Answers color-coded by a green-red scale on the quiz's grid according to % correct below.
The Crowded Room
The Amazing Spiderman
Little Women
Uncharted
Cherry
Dune
Oppenheimer
Spiderman: No Way Home
Outer Banks
Chaos Walking
Onward
The Devil All the Time
Avengers: Age of Ultron
Don't Worry darling
Dolittle
Spiderman 3
Spiderman: Far from Home
Call Me by Your Name
No Time to Die
Avengers: Endgame
Avengers: Infinity War
Iron Man
The Lost City of Z
All of Us Stranger
We Live in Time
Holland
Blink Twice
Edge of Winter
Captain America: Civil War
Captain America: The Winter Soldier
In the Heart of the Sea
Her
Zootopia
Wolf Hall
Winter's Bone
How I Live Now
The Impossible
Spies in Disguise
Poor Things
Spiderman: Homecoming
 
Answer Stats
Answer % Correct
Spiderman: No Way Home
86%
Uncharted
86%
Spiderman: Far from Home
77%
Spiderman: Homecoming
73%
Avengers: Endgame
68%
Avengers: Infinity War
68%
Captain America: Civil War
64%
The Crowded Room
59%
Chaos Walking
55%
Cherry
55%
Spies in Disguise
50%
Dolittle
45%
Onward
45%
The Impossible
45%
In the Heart of the Sea
41%
The Devil All the Time
41%
The Lost City of Z
32%
Edge of Winter
23%
How I Live Now
18%
Wolf Hall
9%
No matching quizzes found
Score Distribution
Percent of People with Each Score
Percentile by Number Answered
Your Score History
You have not taken this quiz